000 00786nam a22002297a 4500
999 _c168171
_d168171
005 20190927142934.0
010 _aENG-126578
020 _c729.00
_a9789353436537
035 _aEN-110110
037 _bDBAD/PUB
082 _a570.15195
100 _aTriola , Marc M.
245 _aBiostatistics For The Biological And Health Sciences /
_cBy Marc M. Triola...[etc,all]
250 _a2nd Edition
260 _aUttar Pradesh
_bPearson Education
_c2011
270 _bNoida
_a15th Floor, Tower-B, World Trade Tower, Plot No.1, Block-C, Sector-16
_e201301
_k044-66540100
_mcompanysecretary.india@pearson.com
300 _a715p.
_c26cm,(pbk)
500 _aIncludes Index.
700 _aTriola, Mario F.
700 _aRoy , Jason
942 _2ddc
_cEN
_h570.15195
_mTRI